Total Quality Management (Record no. 609996)
[ view plain ]
| 000 -LEADER | |
|---|---|
| fixed length control field | 00337nam a22001337a 4500 |
| 040 ## - CATALOGING SOURCE | |
| Transcribing agency | NUST |
| 082 ## - DEWEY DECIMAL CLASSIFICATION NUMBER | |
| Classification number | 658.562 |
| Author Mark | NAW |
| 100 ## - MAIN ENTRY--PERSONAL NAME | |
| Personal name | Khan, Dr. Nawaz |
| 9 (RLIN) | 124017 |
| 245 ## - TITLE STATEMENT | |
| Title | Total Quality Management |
| 250 ## - EDITION STATEMENT | |
| Edition statement | First Edition |
| 260 ## - PUBLICATION, DISTRIBUTION, ETC. | |
| Place of publication, distribution, etc. | Rawalpindi: |
| Name of publisher, distributor, etc. | Nust Publishing, |
| Date of publication, distribution, etc. | 2008. |
| 650 ## - SUBJECT ADDED ENTRY--TOPICAL TERM | |
| Topical term or geographic name entry element | Total Quality Management |
| 942 ## - ADDED ENTRY ELEMENTS (KOHA) | |
| Source of classification or shelving scheme | |
| Koha item type | Reference |
No items available.
